000 nam a22 7a 4500
999 _c10385
_d10385
008 180215b ||||| |||| 00| 0 eng d
100 _aCBSE
_96339
245 _aBusiness Studies-XII
260 _aNew Delhi
_bCBSE
_c2012-2013